书目信息 |
| 题名: |
城市道路交通设施设计规范 GB 50688-2011
|
|
| 作者: | ;上海市城乡建设和交通委员会 主编 ;中国 批准 | |
| 分册: | ||
| 出版信息: | 北京 中国计划出版社 2011 |
|
| 页数: | 113页 | |
| 开本: | 21cm | |
| 丛书名: | 中华人民共和国国家标准 | |
| 单 册: | ||
| 中图分类: | U491-65 | |
| 科图分类: | ||
| 主题词: | 城市道路--cheng shi dao lu--基础设施--交通规划--国家标准--中国--2011 | |
| 电子资源: | ||
| ISBN: | 1580177·714 | |
| 000 | 01450nam 2200301 450 | |
| 001 | 0100003936 | |
| 005 | 20240227155446.56 | |
| 010 | @a1580177·714@dCNY24.00 | |
| 094 | @aCN@bGB 50688-2011 | |
| 100 | @a20120528d2011 ekmy0chiy50 ea | |
| 101 | 0 | @achi |
| 102 | @aCN@b110000 | |
| 105 | @aak l 000yy | |
| 106 | @ar | |
| 200 | 1 | @a城市道路交通设施设计规范 GB 50688-2011@Acheng shi dao lu jiao tong she shi she ji gui fan GB 50688-2011@d= Code for design of urban road traffic facility@f主编部门上海市城乡建设和交通委员会@g批准部门中华人民共和国建设部@zeng |
| 210 | @a北京@c中国计划出版社@d2011 | |
| 215 | @a113页@c图@d21cm | |
| 225 | 2 | @a中华人民共和国国家标准@Azhong hua ren min gong he guo guo jia biao zhun |
| 300 | @a本标准由中华人民共和国住房和城乡建设部, 中华人民共和国国家质量监督检验检疫总局于2011年5月12日联合发布, 2012年5月1日实施。 | |
| 314 | @a本标准主编单位上海市市政工程设计研究总院(集团)有限公司, 主要起草人徐健 ... [等] | |
| 410 | 0 | @12001 @a中华人民共和国国家标准 |
| 510 | 1 | @aCode for design of urban road traffic facility@zeng |
| 606 | 0 | @a城市道路@Acheng shi dao lu@x基础设施@x交通规划@x国家标准@y中国@z2011 |
| 690 | @aU491-65@v4 | |
| 711 | 02 | @a上海市城乡建设和交通委员会@Ashang hai shi cheng xiang jian she huo jiao tong wei yuan hui@4主编 |
| 712 | 01 | @a中国@Azhong guo@b住房和城乡建设部@Bzhu fang he cheng xiang jian she bu@4批准 |
| 801 | 0 | @aCN@c20161103 |
| 905 | @a河南城建学院图书馆@dU491-65@eS247 | |
| 城市道路交通设施设计规范 GB 50688-2011= Code for design of urban road traffic facility/主编部门上海市城乡建设和交通委员会/批准部门中华人民共和国建设部.-北京:中国计划出版社,2011 |
| 113页:图;21cm.-(中华人民共和国国家标准) |
| 本标准由中华人民共和国住房和城乡建设部, 中华人民共和国国家质量监督检验检疫总局于2011年5月12日联合发布, 2012年5月1日实施。 |
| ISBN 1580177·714:CNY24.00 |
| ● |
| 相关链接 |
|
|
|
正题名:城市道路交通设施设计规范 GB 50688-2011
索取号:U491-65/S247
 
预约/预借
| 序号 | 登录号 | 条形码 | 馆藏地/架位号 | 状态 | 备注 |
| 1 | 1290512 | 212905123 | 土木与交通工程学院资料室/ [索取号:U491-65/S247] | 在馆 | |
| 2 | 1290513 | 212905132 | 土木与交通工程学院资料室/ [索取号:U491-65/S247] | 在馆 | |
| 3 | 1290514 | 212905141 | 土木与交通工程学院资料室/ [索取号:U491-65/S247] | 在馆 | |
| 4 | 1290515 | 212905150 | 土木与交通工程学院资料室/ [索取号:U491-65/S247] | 在馆 | |
| 5 | 1290516 | 212905169 | 土木与交通工程学院资料室/ [索取号:U491-65/S247] | 在馆 | |
| 6 | 1290517 | 212905178 | 土木与交通工程学院资料室/ [索取号:U491-65/S247] | 在馆 | |
| 7 | 1290518 | 212905187 | 土木与交通工程学院资料室/ [索取号:U491-65/S247] | 在馆 | |
| 8 | 1290519 | 212905196 | 土木与交通工程学院资料室/ [索取号:U491-65/S247] | 在馆 | |
| 9 | 1290520 | 212905203 | 土木与交通工程学院资料室/ [索取号:U491-65/S247] | 在馆 | |
| 10 | 1290521 | 212905212 | 土木与交通工程学院资料室/ [索取号:U491-65/S247] | 在馆 |